| 000 | 00714nam a2200229 a 4500 | ||
|---|---|---|---|
| 005 | 20240925065407.0 | ||
| 008 | 991125s1975 bar 000 0 spa u | ||
| 020 | _a8434417588 | ||
| 035 | _aUPN01000032865 | ||
| 049 | _aCG | ||
| 050 | 4 |
_aHN18 _bE2.38 1975 |
|
| 100 | 1 | _aEbenstein, William | |
| 245 | 1 | 4 |
_aLos ismos políticos contemporáneos : _bcomunismo, fascismo, capitalismo, socialismo / _cWilliam Ebenstein ; tr. Patricia Rubio. |
| 260 |
_aBarcelona, Esp. : _bAriel, _c1975. |
||
| 300 |
_a406 p. : _bil. |
||
| 440 | 0 |
_aDemos. _pBiblioteca de ciencia política |
|
| 650 | 4 |
_aCapitalismo _96436 |
|
| 650 | 4 |
_aComunismo _96792 |
|
| 650 | 2 |
_aFascismo _913146 |
|
| 650 | 4 |
_aSocialismo _97360 |
|
| 905 | _aLibro | ||
| 999 |
_c32865 _d32865 |
||